[Event "64th ch-RUS HL"]
[Site "Taganrog RUS"]
[Date "2011.06.23"]
[Round "8"]
[White "Inarkiev, E."]
[Black "Kurnosov, I."]
[Result "1-0"]
[WhiteElo "2679"]
[BlackElo "2633"]
[Annotator "Müller,Karsten"]
[PlyCount "145"]
[EventDate "2011.06.15"]
[EventType "swiss"]
[EventRounds "11"]
[EventCountry "RUS"]
[Source "Chess Today"]
[SourceDate "2010.06.23"]

1. d4 Nf6 2. c4 g6 3. g3 c5 4. d5 b5 5. cxb5 a6 6. bxa6 Bg7 7. Bg2 d6 8. Nc3
O-O 9. Nf3 Nbd7 10. O-O Nb6 11. Ne1 Bxa6 12. Rb1 Nc4 13. Nc2 Nd7 14. Ne4 Bb7
15. b4 Ncb6 16. bxc5 dxc5 17. Ne3 Rxa2 18. Qb3 Qa8 19. Nc3 Ra6 20. Bb2 Nf6 21.
Ra1 Qb8 22. Qb5 Nbd7 23. Nc4 Bc8 24. Qxb8 Nxb8 25. Na4 Nbd7 26. e4 Bb7 27. Ra3
Rfa8 28. Rfa1 Ng4 29. Bxg7 Kxg7 30. Bf1 R6a7 31. Be2 Nge5 32. Nc3 Rxa3 33. Rxa3
Nxc4 34. Rxa8 Bxa8 35. Bxc4 f5 36. Bb5 Ne5 37. exf5 gxf5 38. f4 Nf3+ 39. Kf2
Nd4 40. Bc4 Nc2 41. Na4 Nb4 42. Nb6 Bb7 43. Ke3 Kg6 44. Kd2 Kh5 45. h3 Na6 46.
Bd3 Nb4 47. Bxf5 Nxd5 48. Na4 c4 49. Nc5 c3+ 50. Ke2 Bc6 51. Bxh7 Nb4 52. Bf5
Be8 53. Ne6 Bd7 54. Ng7+ Kh6 55. Bxd7 Kxg7 56. Bf5 Kf6 57. Be4 e5 58. f5 Na6
59. h4 Nc5 60. Bc2 e4 61. g4 Ke5 62. Ke3 Nd7 63. Bxe4 Nf6 64. Bf3 Ng8 65. Kd3
Nh6 66. h5 Nxf5 67. g5 c2 68. Kd2 {[#]} Ne7 $2 (68... Nd6 $1 69. Kxc2 (69. h6
Nf7 70. h7 Kf5 71. Be4+ Kxg5 $11) 69... Kf4 70. g6 Nf5 71. Be2 (71. g7 Nh6 $11)
71... Nh6 72. Kd3 Ke5 73. Ke3 Kf6 74. Kf4 Ng8 $11 {is a draw by active defense.
} ({The passive} 74... Kg7 $2 {is insufficient, e.g.} 75. Ke5 Nf7+ 76. Ke6 Nh6
77. Bd1 Ng8 78. Bc2 Nh6 79. Bb3 Ng4 80. Kf5 Nh6+ 81. Kg5 Kh8 82. Bd5 Kg7 83.
Be6 {Domination!} Kh8 84. Kf6 Ng8+ 85. Bxg8 Kxg8 86. g7 Kh7 87. Kf7 Kh6 88.
g8=Q Kxh5 89. Qg3 Kh6 90. Qh4#) 75. Ke4 Nh6 76. Kd5 Ng8 77. Kd6 Nh6 78. Bc4 Ng4
79. Bb3 Ne3 (79... Ne5 $2 80. Bc2 Nf3 81. Bf5 Nd4 82. Bg4 Nc2 83. Kc5 Ne3 84.
Bh3 Nc2 85. Bf5 Ne3 86. Be4 Ng4 87. Kd6 Nh6 88. Kd7 Kg5 89. Bf3 Kf6 90. Ke8 Kg7
91. Be4 Ng8 92. Kd8 Kh6 93. Bf3 Kg7 94. Kd7 Kf6 95. Ke8 Kg7 96. Bd1 Nh6 97. Ke7
Nf5+ 98. Ke6 Nd4+ 99. Kd5 Nf5 100. Ke5 Ne7 101. Bc2 Ng8 102. Ke6 $18) 80. Kd7
Nf5 81. Bd1 Ng7 82. Be2 Ne6 83. Ke8 Nf4 84. Kf8 Nxg6+ $11) 69. h6 (69. g6 $2
Ng8 70. Kxc2 Nh6 $11) 69... Ng6 (69... Kf5 70. Bh5 Kxg5 71. h7 $18) (69... Ke6
70. Bh5 $18) 70. Bh5 Nh8 (70... Kf5 71. Bxg6+ Kxg6 72. Kxc2 $18) 71. g6 Nxg6
72. Bxg6 Kf6 73. Bh5 {[%cal Gh5e8,Gh6g7]} 1-0